| 000 | 03215nam a22003617a 4500 | ||
|---|---|---|---|
| 005 | 20090219141343.0 | ||
| 008 | 090219t xxu||||| |||| 00| 0 eng d | ||
| 010 | _aB-341020-030 | ||
| 020 |
_a9788170493136 _c295.00 |
||
| 035 | _aB-341020-030 | ||
| 037 | _bManas Publications | ||
| 040 |
_adpl _bEnglish |
||
| 082 | _a954.11 | ||
| 100 | _aDewan, Parvez | ||
| 245 |
_aA history of Kashmir / _cby Parvez Dewan |
||
| 260 |
_aNew Delhi _bManas Publications _c2008 |
||
| 270 |
_a4402/5A, Main Ansari Road, Darya Ganj _bNew Delhi _e110002 _k23260783,23265523 _l011-23272766 _mmanaspublications@vsnl.com |
||
| 300 |
_a234p.: _bmaps _c24cm.(pbk) |
||
| 500 | _aincludes index | ||
| 942 |
_2ddc _cEN _h954.11 _mDEW |
||
| 999 |
_c24092 _d24092 |
||